000 01161nam2a22002411 4500
001 rc\954016
005 20041129100237.6
035 _a(NLR Aleph) 006244400
090 _a6695648
_c6695648
100 _a20041129d1982 u |0rusy50 ca
101 0 _arus
102 _aRU
105 _ay |||||||||
200 0 _a[За 1978-1982 гг.
_fСост. Утенковой Г.Н., Смолиной Т.С.]
210 _d1982
215 _a[1], 53 с.
461 0 _1001rc\954015
_12001#$aПолучение синтетических топлив$eБиблиогр. указ. лит.$fЦНИИ экономики и НТИ угольной пром-сти, Ин-т горючих ископаемых$v[За 1978-1982 гг.
_96695642
_cМ.
_d1982
_fЦНИИ экономики и НТИ угольной пром-сти, Ин-т горючих ископаемых
_nЦНИЭИуголь
_oБиблиогр. указ. лит.
_tПолучение синтетических топлив
_v[За 1978-1982 гг.
702 1 _aУтенкова
_bГ. Н.
_4220
801 0 _aRU
_bNLR
_gpsbo
801 1 _aRU
_bELAR
_2rusmarc
852 _aNLR
_bС
_jК-2/1612
942 _cBOOK
980 _aNB